Detekcia prienikov na webový server
Na minha lista:
| Autor principal: | |
|---|---|
| Outros Autores: | |
| Formato: | Manuscrito Livro |
| Idioma: | eslovaco |
| Publicado em: |
2016
|
| Assuntos: | |
| Acesso em linha: | http://is.stuba.sk/zp/portal_zp.pl?podrobnosti=119329 |
| Tags: |
Sem tags, seja o primeiro a adicionar uma tag!
|
MARC
| LEADER | 00000ntm a22000003a 4500 | ||
|---|---|---|---|
| 001 | stuzp59024 | ||
| 003 | SK-STU | ||
| 005 | 20160719155735.6 | ||
| 007 | ta | ||
| 008 | 150427s2015----xo-----f-mn---000-0-slo-d | ||
| 040 | |a STU |b slo | ||
| 041 | 0 | |a slo | |
| 100 | 1 | |a Šmihla, Štefan |u 070400 |k Z4 |4 aut |U FIIT Fakulta informatiky a informačných technológií |T FIIT Ústav počítačového inžinierstva a aplikovanej informatiky |X 46167 |U I400 |Y 672 |7 A000046167 | |
| 242 | 0 | 1 | |a Intrusion Detection on Web Server |y eng |
| 245 | 1 | 0 | |a Detekcia prienikov na webový server |
| 260 | |c 2016 | ||
| 650 | 4 | |a detekcia prienikov |2 slo | |
| 650 | 4 | |a bezpečnosť |2 slo | |
| 650 | 4 | |a levenstein |2 slo | |
| 650 | 4 | |a HTTP |2 slo | |
| 650 | 4 | |a detekcia anomálií |2 slo | |
| 650 | 4 | |a detekcia príznakov |2 slo | |
| 650 | 4 | |a intrusion detection |2 eng | |
| 650 | 4 | |a security |2 eng | |
| 650 | 4 | |a levenshtein |2 eng | |
| 650 | 4 | |a HTTP |2 eng | |
| 650 | 4 | |a anomaly detection |2 eng | |
| 650 | 4 | |a misuse detection |2 eng | |
| 700 | 1 | |a Hudec, Ladislav |u 070400 |k Z1 |4 ths |U FIIT Fakulta informatiky a informačných technológií |T FIIT Ústav počítačového inžinierstva a aplikovanej informatiky |X 2081 |U I400 |Y 672 |7 2081 | |
| 856 | 4 | |u http://is.stuba.sk/zp/portal_zp.pl?podrobnosti=119329 | |
| 996 | |b 8189 |c I* DIP 13/2016 |l II680 |s P |a 0 |w stuzp59024_0001 | ||
| SQL | |a stuzp59024 |b DDP |c SLO |d Detekcia prienikov na webový server |e 46167 |f Šmihla, Štefan |g 070400 |h 2081 |i Hudec, Ladislav |j 20160614 |k 205 |l 07 |m http://is.stuba.sk/zp/portal_zp.pl?podrobnosti=119329 |n I-IS2 |o 9.2.6. informačné systémy | ||